000 00594nam a2200157 a 4500
001 000045735
005 20201002052420.0
008 150508s2015 dr c 000 0 spa d
020 _a9789445892512
040 _aDO-SdBNP
_bspa
_cBNPHU
245 0 0 _aConfesión de partes :
_baforismos y fragmentos del taller de creación literaria experimental Coiné /
_cAlexis Peña...[et al].
260 _aSanto Domingo :
_bEditorial Letra Erguida,
_c2015.
300 _a151 p. :
_bil., retrs. ;
_c23 cm.
500 _aTaller y selección de Alexis Peña
500 _aIncluye datos biográficos de Alexis Peña
999 _c45224
_d45224